00958ntm a2200229 a 450000100060000000300080000600500170001400800410003103500190007204000350009104100080012608200260013410000270016024502090018726000880039630000370048450200950052150400330061650400220064965000200067170000370069175741BD-RjUL20211209082732.0190626s2016 bg a|||| bm|| 00| 0 eng d a(BD-RjUL)75960 aBD-RjULbengcBD-RjULdBD-RjUL aeng 223a633.118bSIS 20161 aSiddiq, Md. Abu Bakkar10astudies on some quantitative characters of wheat (Triticum aestivum L.) cultivars interacting among varieties, Irrigations and sowing times /cby Md. Abu Bakkar Siddiq ;6Supervisor: Md. Abul Kalam Azad aRajshahi :bDepartment of Crop Science and Tecnology, University of Rajshahi,c2016 axx, 358 leaves :bIll. ;c29 cm. aThesis (Ph. D.) -- Department of Crop Science and Tecnology, University of Rajshahi, 2016 aReferences: Leaves [309]-358 aReports: leaf 218 aWheatxResearch aAzad, Md. Abul Kalam, Supervisor